[Event "24th European Women Club Cup 2019"]
[Site "Ulcinj"]
[Date "2019.11.11"]
[Round "2.8"]
[White "Guseva, Marina"]
[Black "Gaponenko, Inna"]
[Result "1/2-1/2"]
[WhiteElo "2366"]
[BlackElo "2427"]
[Annotator "TA"]
[PlyCount "189"]
[EventDate "2019.11.10"]
[EventType "team-tourn"]
[EventCountry "MNE"]
[SourceTitle "playchess.com"]
[Source "ChessBase"]
[SourceQuality "1"]
[WhiteTeam "Ugra"]
[BlackTeam "Kyiv"]

{[%evp 16,189,30,7,14,0,0,-17,-11,0,0,-78,-21,-8,-10,-47,-32,-45,-34,-38,-26,-26,-14,-45,-49,-50,-45,-39,-49,-51,-47,-73,-70,-67,-24,-21,-24,-17,-19,-54,-48,-85,-79,-100,-111,-101,-112,-137,-130,-150,-139,-162,-142,-130,-129,-131,-137,-145,-144,-165,-160,-154,-139,-156,-138,-142,-8,-8,-8,-8,0,-47,-47,-42,-8,-64,-37,-33,-8,0,0,-8,8,8,8,8,14,14,14,14,14,14,14,14,14,14,14,14,14,14,14,14,14,14,14,14,14,14,14,14,14,14,14,8,8,0,14,0,14,0,14,14,14,14,14,14,14,14,14,14,14,0,14,8,14,0,14,14,14,14,14,14,14,0,14,14,14,14,14,14,14,14,14,14,14,14,14,14,14,0,14,0,14,14,14,0,14,14,14,14,14,14,14,0,14,87]} 1. d4 d5 2. c4 dxc4 3. e4 e5 4. Nf3 Bb4+ 5. Bd2 Bxd2+ 6. Nbxd2 exd4 7. Bxc4 Nc6 8. O-O Qf6 9. b4 Nge7 {D20: Queen's Gambit Accepted: 3 e3 and 3 e4} (9... a6 10. a4 Nge7 11. b5 axb5 12. axb5 Rxa1 13. Qxa1 Ne5 14. Nxe5 Qxe5 15. Nf3 Qc5 16. Rc1 Qb6 17. Qxd4 Qxd4 18. Nxd4 {½-½ (68) Paravyan,D (2634)-Moiseenko,V (2501) St Petersburg 2018}) 10. b5 Na5 11. e5 Qg6 12. Nxd4 O-O $146 ({Predecessor:} 12... Nxc4 13. Nxc4 O-O 14. Qc2 Nf5 15. Nxf5 Bxf5 16. Qc3 Bd7 {½-½ (48) Szymanski,M (2429)-Heberla,B (2484) Ustron 2007}) 13. N4b3 (13. Be2 $11 {keeps the balance.}) 13... Bh3 ({Black should play} 13... Nxc4 $17 14. Nxc4 a6 15. bxa6 b6) 14. Qf3 $11 Bg4 15. Qf4 Nxc4 16. Nxc4 Nd5 17. Qg3 Be2 18. Rfc1 Rfe8 19. Nbd2 a6 20. bxa6 Qxg3 21. hxg3 Rxa6 22. Rab1 b6 23. Rb2 Ra4 24. a3 Re6 {Threatening ...Rc6.} 25. Rb5 Ne7 26. Rb4 Ra8 27. f4 Rc6 28. Kf2 Bg4 29. Ra1 Be6 30. Ne3 Rc3 {[#] Hoping for ...Rxe3!} 31. Rb2 Raxa3 32. Rxa3 Rxa3 33. Ne4 Ra2 34. Rxa2 Bxa2 $17 {[%mdl 4096] Endgame KBN-KNN} 35. Nc3 Bb3 36. Kf3 c6 37. Ke4 {[#]} Kf8 $1 38. g4 Ke8 39. f5 Kd7 40. g5 b5 (40... c5 $17 41. Ne2 Kc6) 41. Kd4 $1 $11 b4 42. Ne4 Ba2 43. g4 Nd5 44. Nc5+ Ke8 45. Nd1 ({Better is} 45. Nd3 $11) 45... Bb1 46. Nb2 g6 47. Nc4 {Nd6+ is the strong threat.The position is equal.} gxf5 48. gxf5 Ne7 {[%cal Re7f5]} 49. Nd6+ Kf8 $132 {[%mdl 2048] Black is not holding back} 50. f6 Nf5+ 51. Nxf5 Bxf5 {KB-KN} 52. Kc4 Kg8 53. Kxb4 {Strongly threatening Nb7.} Bg6 54. Ka5 h6 55. gxh6 Kh7 56. Kb6 Kxh6 57. Kxc6 Kg5 58. Kd6 Kf5 59. Nb7 Bh5 60. Nd8 Bg6 $1 61. Nc6 Bh5 62. Ne7+ Ke4 63. Ng8 Kf5 $1 64. Nh6+ Kg6 $1 65. Ng8 Kf5 66. Ne7+ Ke4 67. Nc6 Kf5 68. Nd4+ Ke4 69. Nb3 Kf5 70. Nd2 Bg6 71. Nc4 Bh5 72. Ke7 Ke4 73. Kd6 Kf5 74. Na5 Bg6 75. Nc6 {Intending Ne7+ and mate.} Bh5 76. Kd7 Bf3 {And now ...Bxc6+ would win.} 77. Ke7 {Nd4+ would kill now.} Bh5 $1 78. Kd6 Kf4 79. Nd4 Ke4 80. Nb5 Kf5 81. Nc7 Bg6 82. Kd5 Bh5 83. Ne8 {White wants to mate with Ng7+.} Bg6 84. Nd6+ Kg5 85. Nb7 Kf5 86. Nd8 Kg5 87. Kd6 Kf5 $1 88. Kd5 Kg5 89. Kc6 Kf4 90. Kd5 Kg5 91. Nc6 Bh5 92. Nd4 Bg6 93. Kd6 Bh5 94. Nc6 Kf4 95. Nd8 {Accuracy: White = 50%, Black = 74%.} (95. Nb8 $11) 1/2-1/2

[Event "24th European Women Club Cup 2019"]
[Site "Ulcinj"]
[Date "2019.11.11"]
[Round "2.9"]
[White "Dzagnidze, Nana"]
[Black "Mammadzada, Gunay"]
[Result "1-0"]
[WhiteElo "2502"]
[BlackElo "2427"]
[Annotator "TA"]
[PlyCount "47"]
[EventDate "2019.11.10"]
[EventType "team-tourn"]
[EventCountry "MNE"]
[SourceTitle "playchess.com"]
[Source "ChessBase"]
[SourceQuality "1"]
[WhiteTeam "Nona"]
[BlackTeam "Odlar Yurdu"]

{[%evp 9,47,3,33,20,28,24,22,7,48,30,25,19,42,40,64,53,95,86,158,146,161,160,275,291,282,265,345,364,345,335,821,830,1050,823,29993,29994,29997,29994,29994,29995]} 1. Nf3 d5 2. e3 Nf6 3. c4 c6 4. Nc3 a6 5. h3 (5. Qc2 g6 6. d4 Bg7 7. Bd3 O-O 8. O-O e6 9. b3 Nbd7 10. Bb2 b6 11. e4 dxe4 12. Nxe4 Qc7 13. Nxf6+ Bxf6 14. Nd2 c5 15. Be4 Bb7 16. Nf3 Bxe4 17. Qxe4 {½-½ (53) Ding,L (2811)-Shankland,S (2705) chess.com INT 2019}) 5... g6 6. a4 {A11: English Opening: 1...c6} Bg7 7. d4 O-O 8. a5 {The position is equal.} Ne4 $146 ({Predecessor:} 8... Nbd7 9. Be2 dxc4 10. O-O c5 11. d5 b5 12. axb6 Nxb6 13. e4 Bb7 14. Be3 {1-0 (54) Le Roux,J (2563)-Beikert,G (2433) Germany 2012}) 9. Qc2 Nxc3 10. bxc3 {[%cal Bb2c3,Bc3d4][%mdl 32]} c5 11. Qa2 ({Reject} 11. dxc5 Nd7 $15) 11... Be6 12. Ng5 $1 Bf5 13. cxd5 cxd4 (13... e5 $142) 14. cxd4 $16 ({Resist} 14. exd4 Qc8 $16) 14... h6 15. g4 e5 (15... Bd7 $16) 16. Nxf7 $18 ({Much less strong is} 16. gxf5 $6 Qxg5 17. fxg6 fxg6 $16) 16... Rxf7 17. gxf5 Kh8 18. dxe5 Bxe5 19. fxg6 Rxf2 $2 (19... Rg7 20. Rb1 Qg5) 20. Qxf2 Bxa1 21. Qf7 {[%csl Gg6][%cal Rf7h7]} Bg7 {[#]} 22. Bb2 $1 {[%csl Gf7][%cal Rb2g7][%mdl 512] White mates.} Qg8 (22... Bxb2 23. Qh7#) 23. Bxg7+ {[%mdl 64] Overworked Piece} Qxg7 24. Qe8+ {Accuracy: White = 73%, Black = 17%.} 1-0

[Event "24th European Women Club Cup 2019"]
[Site "Ulcinj"]
[Date "2019.11.11"]
[Round "2.10"]
[White "Fataliyeva, Ulviyya"]
[Black "Javakhishvili, Lela"]
[Result "1-0"]
[WhiteElo "2368"]
[BlackElo "2457"]
[Annotator "TA"]
[PlyCount "109"]
[EventDate "2019.11.10"]
[EventType "team-tourn"]
[EventCountry "MNE"]
[SourceTitle "playchess.com"]
[Source "ChessBase"]
[SourceQuality "1"]
[WhiteTeam "Odlar Yurdu"]
[BlackTeam "Nona"]

{[%evp 10,109,16,0,8,5,5,0,2,7,7,0,0,0,0,0,0,-24,0,-12,-20,-40,8,6,35,30,34,70,114,109,105,5,21,17,17,27,27,29,32,-8,-14,-17,34,-10,-9,-20,-27,-29,0,0,0,0,0,0,0,0,0,0,56,61,57,73,61,62,59,66,71,86,93,33,105,33,54,43,36,39,43,24,43,41,106,91,104,100,93,67,201,82,420,431,1945,1924,29983,29984,29983,29985,29976,1481,29983,29984,29989,29990]} 1. b3 d5 2. Bb2 Nf6 3. Nf3 Bg4 4. g3 Nbd7 5. Bg2 e6 6. O-O Bd6 {A07: Réti Opening: New York and Capablanca Systems} 7. d3 O-O 8. Nbd2 a5 {The position is equal.} (8... Qe7 9. a3 c6 10. h3 Bh5 11. e4 dxe4 12. dxe4 Be5 13. c3 Rad8 14. Qc2 {1-0 (70) Nakamura,H (2787)-Kramnik,V (2800) Moscow 2018}) 9. a3 c6 10. h3 Bxf3 11. Bxf3 Qe7 12. e4 $146 ({Predecessor:} 12. Bg2 e5 13. c4 Rfe8 14. Re1 Rad8 15. e3 Nc5 16. Qc2 e4 17. Bxf6 gxf6 18. dxe4 dxe4 19. Reb1 Be5 20. Ra2 f5 21. b4 axb4 22. axb4 {1-0 (74) Mas,H (2397)-Villamayor,B (2484) Ho Chi Minh City 2003}) 12... dxe4 13. dxe4 Rfd8 14. Qe2 Be5 15. c3 b5 16. Bg2 Nb6 17. Nf3 Nfd7 18. Rfd1 Qc5 19. Nxe5 Nxe5 {[#]} 20. Rd4 (20. c4 $1 $16 {[%mdl 512]}) 20... a4 21. Rad1 Rdc8 22. f4 {Hoping for b4.} Ng6 23. b4 Qf8 24. e5 Ne7 25. Be4 Ned5 (25... Rc7 $11) 26. f5 {Strongly threatening fxe6.} (26. Bxh7+ $5 Kxh7 27. Qh5+ Kg8 28. f5 $14) 26... g6 27. fxe6 fxe6 28. Bd3 Ra7 29. Rf1 $36 {[%mdl 2048] White has some pressure.} Rf7 30. Rxf7 Qxf7 31. c4 bxc4 32. Bxc4 Qf5 33. Kg2 Rf8 ({Black should play} 33... Nxc4 $11 34. Rxc4 Qb1) 34. Bd3 $14 Qg5 {...Ne3+ is the strong threat.} 35. h4 Qe3 36. Re4 $1 {[%cal Re4e3]} Qxe2+ 37. Bxe2 Nd7 38. Bd4 Rc8 39. h5 (39. Bg4 $16 Kf7 40. Re1) 39... Kg7 ({Better is} 39... c5 $14 40. Bxc5 Nxc5 41. bxc5 Rxc5) 40. Rh4 (40. Bg4 $16 Nf8 41. hxg6) 40... gxh5 41. Bxh5 c5 42. bxc5 Nxc5 43. Bg4 Rc6 44. Bf3 Nb3 (44... Nd3 $14) 45. Bf2 $16 Nd2 {[#]} 46. Be2 $1 Rc2 47. Rxa4 Ra2 {[#]} ({Black should try} 47... Nc4 $14) 48. Ra7+ (48. Bg4 $1 $18 {is the precise move to win.}) 48... Kg8 $2 {[%mdl 8192]} (48... Kh8 $16) 49. Bg4 $18 Nc4 (49... Kh8 $142 50. Bxe6 Ne4) 50. Bxe6+ Kh8 51. Bxd5 Ne3+ {[#]} 52. Kf3 $1 Nxd5 53. e6 (53. Bd4 $142 Kg8 54. e6 Rxa3+ 55. Rxa3 Nc7 56. e7 Kf7 57. Bc5 Ne8 58. Ra8) 53... Kg8 54. Bd4 {[%cal Ra7a8]} h5 55. Ke4 {Accuracy: White = 57%, Black = 39%.} 1-0

[Event "24th European Women Club Cup 2019"]
[Site "Ulcinj"]
[Date "2019.11.11"]
[Round "2.11"]
[White "Batsiashvili, Nino"]
[Black "Mammadova, Gulnar"]
[Result "1-0"]
[WhiteElo "2422"]
[BlackElo "2369"]
[Annotator "RC"]
[PlyCount "83"]
[EventDate "2019.11.10"]
[EventType "team-tourn"]
[EventCountry "MNE"]
[SourceTitle "playchess.com"]
[Source "ChessBase"]
[SourceQuality "1"]
[WhiteTeam "Nona"]
[BlackTeam "Odlar Yurdu"]
[TimeControl "40/5400+30:1800+30"]

1. c4 {[%emt 0:00:00]} g6 {[%emt 0:00:00]} 2. Nc3 {[%emt 0:00:00]} Bg7 {[%emt 0:00:00]} 3. d4 {[%emt 0:00:08]} d6 {[%emt 0:00:02]} 4. e4 {[%emt 0:00:51]} e5 {[%emt 0:00:20]} 5. Be3 {[%emt 0:02:27]} exd4 {[%emt 0:02:57]} 6. Bxd4 {[%emt 0:00:02]} Nf6 {[%emt 0:00:55]} 7. Nf3 {[%emt 0:11:20]} Nc6 {[%emt 0:01:43]} 8. Be3 {[%emt 0:00:06]} O-O {[%emt 0:00:50]} 9. h3 {[%emt 0:03:59]} Re8 {[%emt 0:03:36]} 10. Bd3 {[%emt 0:00:13]} Nb4 {[%emt 0:05:19]} 11. Bb1 {[%emt 0:03:55]} b6 {[%emt 0:03:23]} 12. O-O {[%emt 0:05:08]} Bb7 {[%emt 0:02:44]} 13. Nd2 {[%emt 0:13:06]} a5 {[%emt 0:02:08]} 14. Re1 {[%emt 0:01:51]} Na6 {[%emt 0:03:06]} 15. Bg5 {[%emt 0:05:56]} Qd7 {[%emt 0:05:49]} 16. Bc2 {[%emt 0:06:02]} Nc5 {[%emt 0:08:31]} 17. Qf3 {[%emt 0:00:27]} Re6 {[%emt 0:01:45]} 18. Nd5 {[%emt 0:01:03]} Nxd5 {[%emt 0:01:02]} 19. cxd5 {[%emt 0:02:12]} Ree8 {[%emt 0:03:52]} 20. Bf6 {[%emt 0:01:02]} Bxf6 {[%emt 0:02:05]} 21. Qxf6 {[%emt 0:00:01]} Qe7 {[%emt 0:00:18]} 22. Qd4 {[%emt 0:01:52]} Qe5 {[%emt 0:02:56]} 23. Nf3 {[%emt 0:00:58]} Qxd4 {[%emt 0:00:45]} 24. Nxd4 {[%emt 0:00:01]} Re7 {[%emt 0:01:29]} 25. f3 {[%emt 0:01:17]} Rae8 {[%emt 0:05:37]} 26. Kf2 {[%emt 0:00:19]} h5 {[%emt 0:07:04]} 27. h4 {[%emt 0:01:36]} Kg7 {[%emt 0:01:51]} 28. Red1 {[%emt 0:02:07]} Ra8 {[%emt 0:01:48]} 29. b3 {[%emt 0:00:32]} Bc8 {[%emt 0:08:30]} 30. a3 {[%emt 0:01:31]} Bd7 {[%emt 0:01:17]} 31. b4 {[%emt 0:05:23]} Nb7 {[%emt 0:01:19]} 32. Rdc1 {[%emt 0:03:08]} Nd8 33. Bd3 {[%emt 0:02:46]} Be8 {[%emt 0:08:40]} 34. Bb5 {[%emt 0:05:06]} Bxb5 {[%emt 0:04:13]} 35. Nxb5 {[%emt 0:00:03]} axb4 {[%emt 0:00:11]} 36. axb4 {[%emt 0:04:02]} Rxa1 {[%emt 0:00:13]} 37. Rxa1 {[%emt 0:00:02]} c6 {[%emt 0:00:29]} 38. Nxd6 {[%emt 0:06:12]} cxd5 {[%emt 0:00:06]} 39. Ra8 {[%emt 0:00:26]} Rd7 {[%emt 0:05:34]} 40. Ne8+ {[%emt 0:00:00]} Kh6 {[%emt 0:00:00]} 41. Nf6 {[%emt 0:02:13]} Rd6 {[%emt 0:01:38]} 42. e5 {[%emt 0:00:13]} 1-0

[Event "24th European Women Club Cup 2019"]
[Site "Ulcinj"]
[Date "2019.11.11"]
[Round "2.12"]
[White "Balajayeva, Khanim"]
[Black "Khotenashvili, Bela"]
[Result "1/2-1/2"]
[WhiteElo "2368"]
[BlackElo "2446"]
[Annotator "TA"]
[PlyCount "141"]
[EventDate "2019.11.10"]
[EventType "team-tourn"]
[EventCountry "MNE"]
[SourceTitle "playchess.com"]
[Source "ChessBase"]
[SourceQuality "1"]
[WhiteTeam "Odlar Yurdu"]
[BlackTeam "Nona"]

{[%evp 16,141,12,14,26,22,16,-27,-31,-42,-35,-44,-35,-40,-45,-35,-45,-44,-28,-161,-154,-157,-156,-154,-146,-162,-158,-161,-152,-153,-151,-173,-190,-170,-189,-175,-175,-164,-173,-222,-215,-210,-209,-259,-230,-232,-295,-386,-379,-372,-370,-426,-104,-98,-83,-86,-102,-96,-72,-156,-70,-85,-38,-31,0,0,0,0,0,0,0,0,0,0,0,0,0,0,0,0,0,0,0,0,29983,29986,29984,29985,29978,29978,29979,29971,29989,29978,29979,29980,29980,29981,29981,29982,29982,29983,29983,29984,29984,29985,29985,29986,29986,29987,29987,29988,29994,29990,29990,29991,29992,29993,29993,29991,29993,29993,29993,29993,29997,29996,29996,29997]} 1. e4 c6 2. d4 d5 3. exd5 cxd5 4. c4 Nf6 5. Nc3 g6 6. Qb3 Bg7 7. cxd5 O-O 8. Be2 Na6 9. Bf3 b5 {B14: Caro-Kann: Panov-Botvinnik Attack with 5...e6 and 5...g6} (9... Qb6 10. Nge2 Qxb3 11. axb3 Nb4 12. O-O Rd8 13. Ra5 a6 14. Na4 b5 15. d6 Ra7 16. dxe7 Rxe7 17. Nac3 Be6 {½-½ (46) Amin,B (2689)-Artemiev,V (2691) Riadh 2017}) 10. Nge2 ({Of course not} 10. Qxb5 Rb8 $15) 10... b4 11. Na4 Bb7 {[%cal Rb7d5] Black has an edge.} 12. d6 $146 ({Predecessor:} 12. Nf4 g5 13. Nh5 Nxh5 14. Bxh5 Qxd5 15. Qxd5 Bxd5 16. Bxg5 Bc6 17. b3 Bxa4 18. bxa4 Bxd4 {½-½ (45) Rogulj,B (2397)-Zelcic,R (2501) Aschach 2017}) 12... Bxf3 13. Qxf3 Qxd6 14. O-O Nd5 15. Bg5 Nac7 16. Nc5 h6 17. Bh4 {[#]} (17. Be3 $11 {and White has nothing to worry.}) 17... f5 $1 $19 18. h3 {[#]} f4 $1 19. Ne4 Qe6 20. Rac1 g5 21. Bxg5 hxg5 22. Nxg5 Qf5 23. h4 Ne6 24. Nxe6 Qxe6 25. Rc5 Rad8 26. Rfc1 Qf5 27. Ra5 Rd7 28. a3 bxa3 29. bxa3 e6 30. Rc6 Bf6 31. h5 Bd8 32. Rb5 Rh7 33. a4 Rc7 $2 (33... Rxh5 $19 34. Rb7 Rh6) 34. Rxc7 $17 Bxc7 35. Nc3 {[%cal Rc3d5]} Rd8 36. g4 Qg5 37. Ne4 ({Better is} 37. a5) 37... Qe7 ({Black should try} 37... Qg7 $17 38. Nc5 Kf7) 38. Rb7 a5 39. Nc5 $1 Re8 40. Qe4 Qg5 41. f3 Qf6 42. Nd7 Qg7 43. Ne5 Qg5 44. Qc2 Re7 45. Ng6 {aiming for Qc5.} Rf7 46. Qc6 {Threatening mate with Qe8+.} Qf6 47. Qe8+ Kh7 48. Kh2 $36 {[%mdl 2048] Strongly threatening g5! White is more active.} Kh6 49. Kh3 Qxd4 $2 {[%mdl 8192]} (49... Rh7 $11) 50. Ne5 {White mates.} (50. Qxf7 {leads to mate.} Qg1 51. Qf8+ Kg5 52. Qe7+ Nxe7 53. Rb5+ Nd5 54. Rxd5+ exd5 55. Nxf4 Kxf4 56. h6 Qh1#) 50... Qxe5 51. Qxf7 {[%csl Gh5][%cal Rf7g6]} Qg5 52. Qxe6+ Kg7 53. Qd7+ Kh6 54. Qc6+ Kg7 {[#]} 55. Rb5 $1 Bd8 56. Qxd5 {[%mdl 4096] Endgame KQR-KQB} Qh4+ 57. Kg2 Qg3+ 58. Kf1 Qh3+ 59. Ke2 Qg2+ 60. Kd3 Qf1+ 61. Ke4 Qe2+ 62. Kf5 Qc2+ 63. Ke6 Bf6 64. g5 Qe2+ 65. Qe4 Qa2+ {[#]} 66. Kf5 $1 Qf7 67. gxf6+ Kh6 68. Qxf4+ Kh7 69. Kg5 Qf8 70. Rb7+ Kh8 {[#]} 71. Rb8 $1 {[%mdl 32768] Accuracy: White = 71%, Black = 62%. . An unexpected result.} 1/2-1/2

[Event "24th European Women Club Cup 2019"]
[Site "Ulcinj"]
[Date "2019.11.11"]
[Round "2.13"]
[White "Shuvalova, Polina"]
[Black "Gunina, Valentina"]
[Result "1-0"]
[WhiteElo "2434"]
[BlackElo "2509"]
[Annotator "TA"]
[PlyCount "128"]
[EventDate "2019.11.10"]
[EventType "team-tourn"]
[EventCountry "MNE"]
[SourceTitle "playchess.com"]
[Source "ChessBase"]
[SourceQuality "1"]
[WhiteTeam "Novy Bor"]
[BlackTeam "Maribor"]

{[%evp 9,128,6,6,20,11,10,10,0,5,0,0,12,39,28,58,12,40,0,0,-18,0,0,0,-5,-8,2,7,27,47,49,122,91,215,162,232,216,284,290,369,275,443,456,445,446,509,496,447,128,147,150,135,137,147,136,135,132,145,83,23,22,83,82,82,82,82,82,82,82,82,82,82,73,135,103,110,110,110,110,110,103,103,110,103,103,219,113,161,0,0,0,0,0,0,0,8,49,654,0,0,0,592,235,212,238,719,592,220,220,588,588,29977,29978,29978,29979,29979,29980,29980,29981,29981,29982,29989]} 1. e4 c5 2. Nf3 e6 3. g3 Nc6 4. Bg2 Nf6 5. Qe2 e5 (5... Be7 6. e5 Nd5 7. O-O d6 8. exd6 Qxd6 9. Rd1 Nc7 10. d4 cxd4 11. Bf4 Qd8 12. Ne5 Nd5 13. Nxc6 bxc6 {1-0 (66) Vachier Lagrave,M (2774)-Yu,Y (2763) Khanty-Mansiysk 2019}) 6. O-O {B40: Sicilian: 2...e6, Unusual lines} Be7 7. d3 O-O 8. Nc3 {The position is equal.} d6 9. h3 h6 10. Nd2 $146 ({Predecessor:} 10. Nh2 Nd4 11. Qd1 Bd7 12. f4 exf4 13. Bxf4 {½-½ (43) Berzina,I (2297)-Hoolt,S (2398) Riga 2017}) 10... Nh7 11. Nd5 f5 12. exf5 Bxf5 13. c3 Qd7 14. Kh2 Rae8 15. Nc4 Bd8 16. Bd2 b5 17. Nce3 Be6 (17... Nd4 $5 18. cxd4 exd4 $11) 18. a4 bxa4 19. Qd1 $1 (19. Rxa4 Nd4 $15) 19... Qf7 (19... Ne7 $14) 20. Rxa4 Bg5 (20... Qd7 $16 {was worth a try.}) 21. Ra6 $36 {[%mdl 2048] Keeping Black busy.} Nb8 (21... Ne7 {was necessary.}) 22. Rxd6 $18 Kh8 23. Nc4 Bxd2 24. Qxd2 Qh5 $2 (24... Bxd5 25. Bxd5 Qc7) 25. f4 (25. Nc7 Bxh3 26. Nxe8 (26. Bxh3 Ng5 $15) 26... Rxe8 $18) 25... Nd7 26. Nc7 {[%mdl 64] Double Attack} Bxh3 27. Bxh3 exf4 28. g4 $2 (28. Rxd7 $2 Re2+ 29. Qxe2 Qxe2+ 30. Bg2 Nf6 $19) (28. Nxe8 $18 {is the precise move to win.} Ng5 29. Qg2 (29. Rxd7 fxg3+ 30. Kg1 Nxh3+ 31. Kg2 Nf2 32. Rf7 Rxf7 33. Nf6 Qh3+ 34. Kf3 g2+ 35. Kf4 Rxf6+ 36. Ke5 Qf5#) 29... Rxe8 30. gxf4 (30. Rxd7 Nxh3 31. Kh1 Re2 $11)) 28... Qh4 $16 29. Qf2 (29. Nxe8 $6 Qg3+ 30. Kh1 Qxh3+ 31. Kg1 Rxe8 $11) 29... Re2 30. Qxe2 Qg3+ 31. Kh1 Qxh3+ 32. Kg1 Ng5 {next ...f3 is good for Black.} 33. Qh2 (33. Rxd7 f3 $14) (33. Nd2 $142 Ne5 34. Rd5 (34. Qg2 Qh4 $11) 34... Nxg4 35. Qg2) 33... Qxg4+ 34. Kh1 {Black must now prevent Nd2.} Nf3 (34... Rf5 $1 $11 {keeps the balance.}) 35. Rxh6+ $1 {[%mdl 64] Demolition} gxh6 36. Qxh6+ Kg8 {( -> ...Rf6)} 37. Qe6+ Qxe6 38. Nxe6 Rf6 39. Rxf3 Rxe6 40. Rxf4 {[%mdl 4096] Endgame KRN-KRN} Re2 ({Black should try} 40... Re1+ 41. Kg2 Rd1) 41. Rf5 Nb6 42. Rxc5 {Threatens to win with Nxb6.} Nxc4 43. Rxc4 ({Of course not} 43. dxc4 $6 Rxb2 44. Rc7 Rc2 $11) 43... Rxb2 {KR-KR} 44. Rc8+ Kf7 45. Rc7+ Ke6 46. Rxa7 {And now Ra5 would win.} Kf5 (46... Rd2 $16) 47. Kg1 (47. Ra4 $1 $18) 47... Kf4 48. c4 $2 ({Better is} 48. d4 $18) 48... Rd2 49. Rd7 Kf3 50. Rd5 {Hoping for c5.} Ra2 51. c5 Rc2 52. d4 {aiming for Rd7.} Rg2+ $2 {[%mdl 8192]} (52... Rc1+ $14 53. Kh2 Kg4) 53. Kf1 $2 (53. Kh1 $1 $18 {Rf5+ is the strong threat.} Rg8 54. Rh5) 53... Rh2 $11 {[%cal Rh2h1]} 54. Kg1 $2 {[%mdl 8192]} (54. Rg5 $11 Rh1+ 55. Rg1) 54... Rg2+ $1 $18 55. Kh1 $1 Rc2 {[#] intending ...Kg3.} 56. Rd6 $1 {Strongly threatening c6.} Kg3 $2 (56... Rd2 57. d5 Rd1+ 58. Kh2 Rd2+ 59. Kh3 Rd1) 57. Rg6+ Kf3 {[#]} 58. c6 $1 Rc4 $2 (58... Rd2 {is tougher.} 59. Rg8 Rd1+ 60. Kh2 Rd2+ 61. Kh3 Rd1 62. Rf8+ Ke3) 59. d5 Rc5 60. Rg8 {White mates.} Rc1+ 61. Kh2 Rc2+ 62. Kh3 Rc5 63. Rf8+ Ke4 64. d6 Kd5 {Accuracy: White = 60%, Black = 41%.} 1-0

[Event "24th European Women Club Cup 2019"]
[Site "Ulcinj"]
[Date "2019.11.11"]
[Round "2.14"]
[White "Caglar, Sila"]
[Black "Bulmaga, Irina"]
[Result "0-1"]
[WhiteElo "2242"]
[BlackElo "2435"]
[Annotator "TA"]
[PlyCount "78"]
[EventDate "2019.11.10"]
[EventType "team-tourn"]
[EventCountry "MNE"]
[SourceTitle "playchess.com"]
[Source "ChessBase"]
[SourceQuality "1"]
[WhiteTeam "Maribor"]
[BlackTeam "Novy Bor"]

{[%evp 18,78,12,-14,-6,2,21,14,48,53,59,69,43,12,36,12,79,92,101,38,19,10,20,13,8,-104,-96,-58,0,0,0,0,0,-174,0,-91,-101,-115,-103,-104,-91,-93,-85,-510,-494,-527,-292,-518,-510,-562,-547,-800,-775,-811,-810,-792,-793,-767,-747,-828,-814,-705,-749]} 1. c4 c5 2. Nf3 Nc6 3. g3 g6 4. Bg2 Bg7 5. O-O e5 6. Nc3 Nge7 7. d3 O-O 8. Rb1 h6 9. Bd2 d6 10. Nd5 Nxd5 {A37: Symmetrical English vs ...g6: 4 Bg2 Bg7 5 Nf3} 11. cxd5 Ne7 12. e4 $146 ({Predecessor:} 12. Qc1 Kh7 13. b4 cxb4 14. Rxb4 b6 15. Qa3 Bb7 16. e4 f5 17. Rc4 fxe4 18. dxe4 {1-0 (26) Kivipelto,K (2190)-Opl,K (2362) Bad Zwischenahn 2008}) 12... f5 {The position is equal.} 13. b4 {Black must now prevent bxc5.} cxb4 14. Bxb4 b5 15. Qc1 {Qa3 is the strong threat.} a5 $1 {[%cal Ra5b4]} 16. Bd2 fxe4 (16... Kh7 $11) 17. dxe4 $16 Bg4 18. Ne1 (18. Qa3 $16) 18... Be2 $14 19. Bxh6 Rc8 20. Qd2 Bxf1 21. Kxf1 (21. Bxf1 $11 {remains equal.} Bxh6 22. Qxh6) 21... Bxh6 $17 22. Qxh6 {Hoping for Bh3.} Qb6 (22... Qc7 $1 $15 23. Rb2 Qc4+ 24. Re2 Qc1) 23. Rb2 $11 {Strongly threatening Bh3.} Qd4 24. Re2 $1 {Threatens to win with Bh3.} Kf7 25. Re3 $2 {[#]} (25. h4 $11) 25... Ke8 $2 (25... Rc3 $1 $19 26. Re2 Qc4) 26. Rf3 (26. Bf3 $1 $11) 26... Qc4+ $40 {[%mdl 128] Black is out for blood.} 27. Kg1 Rxf3 28. Bxf3 {aiming for Bg4.} Qc1 ({Don't blunder} 28... Qxa2 $2 29. Bg4 $18) 29. Qh8+ Kd7 30. Bg4+ $2 {[%mdl 8192]} (30. Qh3+ $17 {nothing else works.} Kc7 31. Kf1) 30... Kc7 $19 31. Qg7 Qxe1+ {[%mdl 64] [#] Double Attack} 32. Kg2 Re8 {Black is clearly winning.} 33. Qf7 Kd8 34. Qe6 {[%cal Re6d6]} Qxe4+ {[%mdl 64] Double Attack} 35. Bf3 Qb4 36. Bg4 Nf5 $1 37. Qf6+ Kc7 38. Qf7+ Re7 39. Qxg6 Rg7 {Accuracy: White = 41%, Black = 68%.} 0-1